Cities of Hancock County, Iowa - Statistics

General Stats
  • This quiz has been taken 35 times
  • The average score is 6 of 9
Answer Stats
Cities % Correct
2 Garner
100%
3 Britt
80%
4 Kanawha
80%
8 Woden
80%
7 Crystal Lake
60%
1 Forest City
60%
6 Goodell
60%
5 Klemme
60%
6 Corwith
40%
No matching quizzes found
Score Distribution
Percent of People with Each Score
Percentile by Number Answered
Your Score History
You have not taken this quiz